Flag Patterns - Circles - Statistics

General Stats
  • This quiz has been taken 34 times
    26 since last reset
  • The average score is 9 of 10
Answer Stats
Picture Answer % Correct
Bangladesh
100%
Brazil
100%
India
100%
Japan
100%
South Korea
100%
Kyrgyzstan
77%
Laos
77%
Malawi
77%
Niger
77%
Palau
69%
No matching quizzes found
Score Distribution
Percent of People with Each Score
Percentile by Number Answered
Your Score History
You have not taken this quiz since the last reset